00343pam a2200145 a 4500020002000000041000500020082001000025100002600035245006000061250000800121260002600129300000800155653002000163700001400183 a0-237-51656-xc h a641.5 aAVAS BROTHERSeAuthor aCLASSICALLY INSPIREDcAVAS BROTHERShTextual Documents  a1st alondonbEvans Brother a190 afood production eCo-Author